[Event "XI Open Autunno"]
[Site "Robecchetto con Induno ITA"]
[Date "2014.10.16"]
[Round "2"]
[White "Puricelli, Giancarlo"]
[Black "Picierro, Giuliano"]
[WhiteElo "1692"]
[BlackElo "1572"]
[Result "0-1"]
[PlyCount "58"]
[EventDate "2014.10.09"]

1. d4 e6 2. c4 d5 3. Nc3 c6 4. Nf3 f5 5. e3 Bd6 6. Be2 Nf6 7. Ne5 O-O 8. c5 Bc7
9. O-O Nbd7 10. f4 Qe7 11. Bf3 Nxe5 12. dxe5 Ne4 13. Bxe4 dxe4 14. b4 Rd8 15.
Qc2 b6 16. Ne2 Ba6 17. Re1 Bd3 18. Qc3 a5 19. Nd4 axb4 20. Qb3 Rd5 21. Nxc6
Qxc5 22. Nxb4 Bc4 23. Qc3 Rd7 24. Nc2 b5 25. Nd4 Ba5 26. Nb3 Bxc3 27. Nxc5 Bxe1
28. Nxd7 Rd8 29. Bb2 Bd2 0-1

[Event "XI Open Autunno"]
[Site "Robecchetto con Induno ITA"]
[Date "2014.10.16"]
[Round "2"]
[White "Redamante, Marzio"]
[Black "Rutigliano, Cesare"]
[WhiteElo "1541"]
[BlackElo "1644"]
[Result "1-0"]
[PlyCount "85"]
[EventDate "2014.10.09"]

1. c4 e5 2. d3 Bc5 3. Nf3 Nc6 4. g3 f5 5. Nc3 b6 6. Bg2 Bb7 7. a3 Nf6 8. O-O
O-O 9. Nxe5 Bd4 10. Nxc6 dxc6 11. Bd2 Qe8 12. e3 Be5 13. d4 Bd6 14. b4 Rb8 15.
c5 Be7 16. Rc1 bxc5 17. dxc5 Ba6 18. Re1 Ng4 19. Qa4 Bb7 20. Qxa7 Qc8 21. Qa4
Ne5 22. Qb3+ Kh8 23. Ne2 Rd8 24. Nd4 Ra8 25. Ra1 Bf6 26. Bc3 Qd7 27. Red1 Qe8
28. Nxf5 Qg6 29. Nd4 h5 30. Ne6 Rdc8 31. Nf4 Qh6 32. Qe6 Re8 33. Qf5 g5 34.
Bxe5 Rxe5 35. Ng6+ Kg7 36. Nxe5 Bc8 37. Qe4 h4 38. Ng4 Bxg4 39. Qxg4 hxg3 40.
hxg3 Bxa1 41. Rxa1 Rh8 42. Rd1 Qf6 43. Qd4 1-0

[Event "XI Open Autunno"]
[Site "Robecchetto con Induno ITA"]
[Date "2014.10.16"]
[Round "2"]
[White "Santarelli, Sabatino"]
[Black "Frignani, Alessandro"]
[WhiteElo "1638"]
[BlackElo "1469"]
[Result "0-1"]
[PlyCount "232"]
[EventDate "2014.10.09"]

1. e4 e5 2. Nf3 Qf6 3. Nc3 c6 4. d4 exd4 5. Nxd4 Bc5 6. Be3 Ne7 7. Be2 d6 8.
Na4 Bb6 9. Nxb6 axb6 10. c3 Na6 11. O-O Qg6 12. Bf3 Nc5 13. Qc2 Bh3 14. Kh1 Bg4
15. b4 Bxf3 16. gxf3 Ne6 17. Rg1 Qh5 18. Qe2 Qe5 19. Nxe6 Qxe6 20. Bxb6 Ng6 21.
Be3 O-O 22. Bd4 Rfe8 23. Qd2 f6 24. Rg3 Ra6 25. a4 b6 26. a5 bxa5 27. bxa5 c5
28. Be3 Qc4 29. Qd5+ Qxd5 30. exd5 Rea8 31. f4 Rxa5 32. Rag1 f5 33. h4 R8a7 34.
h5 Nf8 35. Rg5 Rf7 36. Rb1 h6 37. Rg3 Rfa7 38. Rb6 R7a6 39. Rb8 Ra1+ 40. Kg2
Ra7 41. Rg6 R1a6 42. Rd8 Rd7 43. Rc8 Kf7 44. Rg3 Nh7 45. c4 Nf6 46. Rh3 Ra4 47.
Bc1 Rxc4 48. Bb2 Nxd5 49. Rg3 Nxf4+ 50. Kf1 Nxh5 51. Rg1 g6 52. Rh8 Rg4 53.
Rxg4 fxg4 54. Rxh6 d5 55. Rh8 d4 56. Rc8 Nf4 57. Rxc5 d3 58. Rc1 Ke6 59. Rd1
Rh7 60. Kg1 Kd5 61. Bc1 Ne2+ 62. Kg2 Ke4 63. Be3 Rc7 64. Ra1 Rd7 65. Ra4+ Ke5
66. Bd2 Rd4 67. Ra5+ Kf6 68. Bg5+ Kf7 69. Ra7+ Ke6 70. Bd2 Rd6 71. Rg7 Kd5 72.
Ra7 Kc4 73. Ra3 Rb6 74. Ra4+ Kb3 75. Rxg4 Kc2 76. Be3 Rc6 77. Ra4 Kb3 78. Ra1
Kb2 79. Rd1 Kc2 80. Rd2+ Kc3 81. Kf3 Rf6+ 82. Ke4 Rd6 83. Ke5 Ra6 84. Ke4 Ra4+
85. Ke5 Rb4 86. Rd1 Rb2 87. Ke4 d2 88. Bxd2+ Rxd2 89. Rxd2 Kxd2 90. f4 Ng3+ 91.
Kf3 Nf5 92. Kg4 Ke3 93. Kg5 Ne7 94. Kg4 Ke4 95. Kg5 Kd5 96. Kf6 Kd6 97. Kf7 Kd7
98. Kf6 Ke8 99. Kg7 Kd7 100. Kf6 Kd6 101. Kg5 Ke6 102. Kg4 Kf6 103. Kf3 Nd5
104. Kg3 Kf5 105. Kf3 Nxf4 106. Kg3 g5 107. Kf3 g4+ 108. Kg3 Kg5 109. Kh2 Kh4
110. Kg1 Kh3 111. Kh1 Kg3 112. Kg1 Nh3+ 113. Kh1 Nf2+ 114. Kg1 Kf3 115. Kf1 g3
116. Kg1 Nh3+ 0-1

[Event "XI Open Autunno"]
[Site "Robecchetto con Induno ITA"]
[Date "2014.10.13"]
[Round "2"]
[White "Santoruvo, Gianfranco"]
[Black "Torretta, Gilberto"]
[WhiteElo "1755"]
[BlackElo "1661"]
[Result "1-0"]
[PlyCount "45"]
[EventDate "2014.10.09"]

1. c4 e5 2. Nc3 f5 3. d3 Nf6 4. g3 c6 5. Bg2 d6 6. Nf3 Be6 7. Ng5 Bg8 8. Bh3 g6
9. e4 h6 10. Nf3 fxe4 11. Nh4 Bh7 12. Nxe4 Nxe4 13. dxe4 Bg7 14. Qg4 Qd7 15.
Qxg6+ Qf7 16. Qxd6 Qxc4 17. Be3 Bxe4 18. Be6 Bd5 19. Nf5 Bf6 20. Bxd5 Qxd5 21.
Qxf6 Rh7 22. Qg6+ Rf7 23. O-O 1-0

[Event "XI Open Autunno"]
[Site "Robecchetto con Induno ITA"]
[Date "2014.10.16"]
[Round "2"]
[White "Serrao, Piergiorgio"]
[Black "Virgilio, Gianluca"]
[WhiteElo "1678"]
[BlackElo "1813"]
[Result "1/2-1/2"]
[PlyCount "50"]
[EventDate "2014.10.09"]

1. d4 Nf6 2. c4 g6 3. Nc3 d5 4. Nf3 Bg7 5. e3 O-O 6. Qb3 dxc4 7. Bxc4 Nc6 8.
Be2 Na5 9. Qa4 c5 10. dxc5 Nd7 11. Qc2 Nc6 12. Na4 Nf6 13. O-O Bf5 14. Qb3 Qc7
15. Bd3 Be6 16. Qc2 Nb4 17. Qe2 Qa5 18. b3 Nxd3 19. Qxd3 Bf5 20. Qe2 Rfd8 21.
Nd4 Ne4 22. Bb2 Nxc5 23. Nxc5 Qxc5 24. Nxf5 Qxf5 25. Bxg7 Kxg7 1/2-1/2

[Event "XI Open Autunno"]
[Site "Robecchetto con Induno ITA"]
[Date "2014.10.23"]
[Round "3"]
[White "Barrera, Pietro"]
[Black "Serrao, Piergiorgio"]
[WhiteElo "1905"]
[BlackElo "1678"]
[Result "1-0"]
[PlyCount "35"]
[EventDate "2014.10.09"]

1. e4 e6 2. d4 d5 3. exd5 exd5 4. Nf3 Bd6 5. c4 c6 6. Nc3 Ne7 7. Bd3 Bg4 8. O-O
O-O 9. Bxh7+ Kh8 10. Bd3 Qc7 11. h3 Bh5 12. g4 Bg6 13. cxd5 Bxd3 14. Qxd3 Nxd5
15. Nxd5 cxd5 16. Qf5 Qd7 17. Qh5+ Kg8 18. Ng5 1-0

[Event "XI Open Autunno"]
[Site "Robecchetto con Induno ITA"]
[Date "2014.10.23"]
[Round "3"]
[White "Frignani, Alessandro"]
[Black "Zanin, Fabio"]
[WhiteElo "1469"]
[BlackElo "1583"]
[Result "0-1"]
[PlyCount "120"]
[EventDate "2014.10.09"]

1. e4 e5 2. Bc4 Nf6 3. Qf3 Bc5 4. h3 Nc6 5. c3 O-O 6. d3 Na5 7. b4 Nxc4 8. bxc5
Na5 9. Ba3 Re8 10. Bb4 Nc6 11. Ne2 Nxb4 12. cxb4 a5 13. b5 Qe7 14. Qe3 d5 15.
a4 dxe4 16. dxe4 Be6 17. Ra3 b6 18. Rc3 Nd7 19. cxb6 cxb6 20. O-O Nc5 21. Ra3
Rad8 22. f3 Qd6 23. Nec3 Qd4 24. Re1 Rd7 25. Kh2 Red8 26. Qg5 f6 27. Qg3 Bb3
28. Re2 Qb4 29. Qf2 Rd4 30. Rb2 Nd3 31. Raxb3 Qxb3 32. Rxb3 Nxf2 33. Nd5 Rxa4
34. Nxb6 Rb4 35. Rxb4 axb4 36. Nd5 Rb8 37. b6 Kf7 38. Kg1 Nd3 39. Kf1 Ke6 40.
g3 Nc5 41. Ke2 Nd7 42. Nd2 Nxb6 43. Nxb4 Rc8 44. Kd3 Rc1 45. h4 Rg1 46. g4 h5
47. gxh5 Rh1 48. Nc6 Rxh4 49. Nd8+ Kd7 50. Nb7 Rxh5 51. Nb3 Rh3 52. N7c5+ Kc6
53. Ke2 Kb5 54. Kf2 Kc4 55. Kg2 Rh8 56. Kg3 Rc8 57. f4 Rxc5 58. Nxc5 Kxc5 59.
fxe5 fxe5 60. Kg4 Kd4 0-1

[Event "XI Open Autunno"]
[Site "Robecchetto con Induno ITA"]
[Date "2014.10.20"]
[Round "3"]
[White "Koureas, Panicos"]
[Black "Garcia Rubi, Juan"]
[WhiteElo "1431"]
[BlackElo "1394"]
[Result "1/2-1/2"]
[PlyCount "89"]
[EventDate "2014.10.09"]

1. e4 c5 2. Nc3 Nc6 3. f4 d6 4. Nf3 g6 5. Bb5 Bd7 6. O-O Bg7 7. d3 Nd4 8. Bxd7+
Qxd7 9. Nxd4 Bxd4+ 10. Kh1 e6 11. Ne2 Bg7 12. c3 Ne7 13. Qe1 O-O 14. Ng3 Nc6
15. Bd2 f5 16. Rd1 a5 17. Bc1 Rfe8 18. Qf2 Qc7 19. Ne2 b5 20. e5 Qe7 21. d4
cxd4 22. Nxd4 Nxd4 23. Qxd4 d5 24. Be3 Qb7 25. Bf2 Rec8 26. Bh4 Rc4 27. Qe3 Re4
28. Qc5 Rc8 29. Qf2 b4 30. Rc1 Rec4 31. Qe3 Bf8 32. Bf6 Bc5 33. Qh3 Be7 34. Qe3
Bxf6 35. exf6 Re4 36. Qd3 Kf7 37. h3 Kxf6 38. Qd2 bxc3 39. Rxc3 Rxc3 40. Qxc3+
d4 41. Qxa5 Qd7 42. Re1 Qd5 43. Qd2 Rxe1+ 44. Qxe1 Qe4 45. Qh4+ 1/2-1/2

[Event "XI Open Autunno"]
[Site "Robecchetto con Induno ITA"]
[Date "2014.10.23"]
[Round "3"]
[White "Libutti, Michele"]
[Black "Bianchi, Alberto"]
[WhiteElo "1753"]
[BlackElo "1921"]
[Result "0-1"]
[PlyCount "138"]
[EventDate "2014.10.09"]

1. d4 Nf6 2. c4 e6 3. Nc3 d5 4. Bg5 Be7 5. e3 h6 6. Bh4 O-O 7. Nf3 b6 8. cxd5
Nxd5 9. Bxe7 Nxe7 10. Bd3 Bb7 11. O-O Nd7 12. Qe2 Nf6 13. Rac1 a6 14. Rc2 b5
15. Rfc1 Rc8 16. b4 c6 17. Ne5 a5 18. a3 axb4 19. axb4 Qd6 20. Ne4 Nxe4 21.
Bxe4 f6 22. Nd3 Ba8 23. Nc5 Rcd8 24. Qd3 f5 25. Bf3 Rf6 26. Ra2 Nd5 27. Qb3 Rf7
28. Rca1 Bb7 29. Ra7 Bc8 30. Bh5 Rxa7 31. Rxa7 Rf8 32. Bf3 Kh8 33. g3 Nf6 34.
Qb2 Bd7 35. Qc3 Be8 36. Nd3 Nd5 37. Qc5 Qxc5 38. dxc5 Kg8 39. Bxd5 exd5 40. Ne5
Rf6 41. Kg2 g5 42. Rc7 f4 43. exf4 gxf4 44. g4 Re6 45. Nd3 Re4 46. Kf3 Rd4 47.
Ne5 Rxb4 48. Rc8 Kf8 49. Nxc6 Rc4 50. Ne5 Re4 51. Ng6+ Kf7 52. Nxf4 Rd4 53. Rd8
b4 54. Rxd5 Bc6 55. Ke3 Rxd5 56. Nxd5 Bxd5 57. Kd4 Ke6 58. f4 Kd7 59. g5 h5 60.
Kxd5 b3 61. g6 b2 62. c6+ Kc7 63. Ke5 b1=Q 64. Kf6 Qb2+ 65. Kg5 Qxh2 66. g7
Qg3+ 67. Kh6 Qxf4+ 68. Kxh5 Qf7+ 69. Kh6 Qg8 0-1

[Event "XI Open Autunno"]
[Site "Robecchetto con Induno ITA"]
[Date "2014.10.23"]
[Round "3"]
[White "Pappalardo, Antonio"]
[Black "Giusti, Francesco"]
[WhiteElo "1724"]
[BlackElo "1559"]
[Result "1-0"]
[PlyCount "45"]
[EventDate "2014.10.09"]

1. d4 d5 2. c4 e6 3. cxd5 exd5 4. Nc3 Nc6 5. Nf3 Nf6 6. Bg5 Be7 7. e3 a6 8. Bd3
Ne4 9. Bxe7 Nxc3 10. bxc3 Qxe7 11. O-O Bg4 12. Qb3 O-O-O 13. Rab1 b5 14. a4 Na5
15. Qb2 c6 16. axb5 cxb5 17. Ne5 Bd7 18. Qa2 Nb7 19. Qxa6 Qd6 20. Bxb5 Bxb5 21.
Qxb5 Qc7 22. Ra1 Qb8 23. Qc6+ 1-0

[Event "XI Open Autunno"]
[Site "Robecchetto con Induno ITA"]
[Date "2014.10.23"]
[Round "3"]
[White "Picierro, Giuliano"]
[Black "Moroni, Luca"]
[WhiteElo "1572"]
[BlackElo "1882"]
[Result "1/2-1/2"]
[PlyCount "20"]
[EventDate "2014.10.09"]

1. d4 c5 2. c3 cxd4 3. cxd4 d6 4. Nf3 Nf6 5. Nc3 g6 6. Bg5 Bg7 7. e3 O-O 8. Bc4
Nc6 9. O-O Bg4 10. h3 Bxf3 1/2-1/2

[Event "XI Open Autunno"]
[Site "Robecchetto con Induno ITA"]
[Date "2014.10.23"]
[Round "3"]
[White "Puricelli, Roberto"]
[Black "Macchiettini, Pierangelo"]
[WhiteElo "1513"]
[BlackElo "1691"]
[Result "0-1"]
[PlyCount "90"]
[EventDate "2014.10.09"]

1. e4 c5 2. Nf3 d6 3. d4 cxd4 4. Nxd4 Nf6 5. Nc3 a6 6. Be2 e6 7. O-O Be7 8. Be3
Nbd7 9. Kh1 Qc7 10. f4 b5 11. a3 Bb7 12. Bf3 Rc8 13. f5 e5 14. Nde2 Nb6 15.
Bxb6 Qxb6 16. Rc1 O-O 17. Qe1 Rfd8 18. g4 h6 19. Qg3 Qe3 20. Qg1 Qxg1+ 21. Rxg1
Rc4 22. Ng3 d5 23. exd5 Bxa3 24. Nxb5 Bc5 25. Na3 Rxg4 26. c4 Bxg1 27. Kxg1 Rd4
28. Rd1 Rxd1+ 29. Bxd1 Rc8 30. b4 Bxd5 31. cxd5 Rc1 32. b5 axb5 33. Nxb5 Rxd1+
34. Kf2 Rxd5 35. Nc3 Rd2+ 36. Kg1 Rc2 37. Nce2 Kf8 38. Kg2 Ne4 39. Kf3 Nxg3 40.
hxg3 Rc4 41. Ke3 Ke7 42. Kf3 Kf6 43. g4 Ra4 44. Ng3 Rf4+ 45. Ke3 Rxg4 0-1

[Event "XI Open Autunno"]
[Site "Robecchetto con Induno ITA"]
[Date "2014.10.23"]
[Round "3"]
[White "Ragoso, Mario"]
[Black "Nava, Mario"]
[WhiteElo "1621"]
[BlackElo "1262"]
[Result "1-0"]
[PlyCount "91"]
[EventDate "2014.10.09"]

1. d4 d5 2. c4 dxc4 3. Nf3 Nf6 4. e3 e6 5. Nc3 Bb4 6. Qc2 Bd7 7. Bxc4 Nc6 8.
O-O O-O 9. a3 Bd6 10. b4 a6 11. Bb2 e5 12. Rad1 Bg4 13. Rd2 Bxf3 14. gxf3 exd4
15. exd4 Bf4 16. Rd3 Nh5 17. Ne4 Qh4 18. Ng3 Ne7 19. d5 Nf5 20. Rdd1 g6 21. Bd3
Nd6 22. Bc1 Qh3 23. Kh1 Rae8 24. Rg1 Re5 25. Bxf4 Nxf4 26. Bf1 Qh4 27. Qxc7 Qf6
28. Qc3 Rc8 29. Qb2 Qg7 30. Ne4 Nxe4 31. fxe4 Rxe4 32. Qxg7+ Kxg7 33. b5 Ra4
34. bxa6 Rxa6 35. Bxa6 bxa6 36. Rg4 Ne2 37. d6 Rd8 38. d7 Nc3 39. Rd3 Nb5 40.
a4 Nc7 41. Rc4 Ne6 42. Rc8 Nf4 43. Rxd8 Nxd3 44. Ra8 Nxf2+ 45. Kg2 Ne4 46. d8=Q
1-0

[Event "XI Open Autunno"]
[Site "Robecchetto con Induno ITA"]
[Date "2014.10.23"]
[Round "3"]
[White "Rancati, David"]
[Black "Pizzolato, Roberto"]
[WhiteElo "1547"]
[BlackElo "1747"]
[Result "0-1"]
[PlyCount "144"]
[EventDate "2014.10.09"]

1. d4 d5 2. Bf4 Nf6 3. Nf3 c6 4. e3 Bf5 5. Nc3 e6 6. a3 Nbd7 7. Bd3 Bg6 8. Qd2
Be7 9. Ng5 Bxd3 10. cxd3 Nh5 11. Nh3 Nxf4 12. Nxf4 c5 13. dxc5 Nxc5 14. Qd1 Rc8
15. b4 Nd7 16. Rc1 O-O 17. O-O Rc6 18. Nfe2 Bf6 19. d4 Nb6 20. a4 Qe7 21. Qb3
Nc4 22. Rc2 Rfc8 23. Rfc1 a6 24. e4 Qd7 25. b5 R6c7 26. e5 Be7 27. Nb1 axb5 28.
axb5 Ra8 29. b6 Rc6 30. Ra2 Rxa2 31. Qxa2 Rxb6 32. Nd2 Ra6 33. Qc2 Rc6 34. Ra1
Nxd2 35. Qxd2 b5 36. Ra8+ Rc8 37. Ra6 h6 38. g3 b4 39. Nc1 Qb5 40. Ra7 Bd8 41.
Qf4 f5 42. Nb3 Qc4 43. Nc5 Qc2 44. Nxe6 Qb1+ 45. Kg2 Qe4+ 46. Qxe4 fxe4 47.
Rxg7+ Kh8 48. Rb7 Ba5 49. Nc5 Kg8 50. e6 Kf8 51. Rh7 Rc6 52. Rxh6 Kg7 53. e7
Rc8 54. Rd6 Kf7 55. Rd8 Bxd8 56. exd8=Q Rxd8 57. h4 Ra8 58. g4 Ra3 59. h5 b3
60. Nxb3 Rxb3 61. g5 Rd3 62. h6 Kg6 63. Kf1 Rxd4 64. Ke2 Rc4 65. Ke3 Kxg5 66.
h7 Rc8 67. Kd4 Kf5 68. Kxd5 Rh8 69. Kd4 Kf4 70. Kc3 Rxh7 71. Kd2 Kf3 72. Ke1
Rd7 0-1

[Event "XI Open Autunno"]
[Site "Robecchetto con Induno ITA"]
[Date "2014.10.21"]
[Round "3"]
[White "Ruggeri, Igor"]
[Black "Antonetti, Emiliano"]
[WhiteElo "1549"]
[BlackElo "1431"]
[Result "1-0"]
[PlyCount "167"]
[EventDate "2014.10.09"]

1. d4 d5 2. c4 e6 3. Nc3 Nf6 4. Bg5 Be7 5. Nf3 Nc6 6. e3 O-O 7. a3 a6 8. Bd3
Bd7 9. O-O dxc4 10. Bxc4 Na5 11. Bd3 Nd5 12. Bxe7 Qxe7 13. Ne2 Bb5 14. e4 Bxd3
15. Qxd3 Nf6 16. Ng5 Nd7 17. f4 f6 18. Nf3 Rad8 19. Qc3 Nc6 20. Rac1 Nb6 21.
Rfe1 Qf7 22. b4 Rd7 23. Qb3 Rfd8 24. Red1 Ne7 25. a4 Kh8 26. e5 f5 27. Ng5 Qh5
28. Ng3 Qg6 29. Qxe6 Ned5 30. Qxg6 hxg6 31. a5 Na4 32. Ne6 Rc8 33. Nc5 Nxc5 34.
dxc5 c6 35. Rd4 Re8 36. Rcd1 Kh7 37. Ne2 Rde7 38. R1d3 g5 39. g3 gxf4 40. gxf4
g5 41. Rh3+ Kg6 42. Rg3 g4 43. h3 Kh5 44. Kh2 Kh4 45. Nc3 Rd8 46. hxg4 fxg4 47.
f5 Rg8 48. Nxd5 cxd5 49. Rxd5 Kg5 50. f6 Rh7+ 51. Kg2 Kf4 52. Rd4+ Kxe5 53.
Rdxg4 Rxg4 54. Rxg4 Kxf6 55. Kf3 Ke5 56. Ke3 Kd5 57. Kd3 Rh3+ 58. Kc2 Kc6 59.
Rg6+ Kb5 60. Rb6+ Kc4 61. Rxb7 Rc3+ 62. Kd2 Rd3+ 63. Ke2 Rc3 64. c6 Kd5 65. c7
Kd6 66. Rb6+ Kxc7 67. Rxa6 Rb3 68. Rb6 Ra3 69. Kd2 Rb3 70. Kc2 Rf3 71. Kb2 Re3
72. Rb5 Kc6 73. Rc5+ Kb7 74. Rc3 Re4 75. Kb3 Ka6 76. Rc4 Re3+ 77. Ka4 Re1 78.
Rc6+ Kb7 79. Kb5 Re5+ 80. Rc5 Re6 81. Rd5 Rf6 82. Kc5 Rc6+ 83. Kd4 Ka6 84. b5+
1-0

[Event "XI Open Autunno"]
[Site "Robecchetto con Induno ITA"]
[Date "2014.10.23"]
[Round "3"]
[White "Rutigliano, Cesare"]
[Black "Puricelli, Giancarlo"]
[WhiteElo "1644"]
[BlackElo "1692"]
[Result "1-0"]
[PlyCount "33"]
[EventDate "2014.10.09"]

1. e4 b6 2. d4 Bb7 3. f3 e6 4. Be3 g6 5. Nc3 Bb4 6. Bd3 f5 7. exf5 Nh6 8. fxg6
Nf5 9. Bf2 Qf6 10. gxh7 Nc6 11. a3 Bxc3+ 12. bxc3 Nfxd4 13. cxd4 Nxd4 14. Bxd4
Qg5 15. Qd2 Qh4+ 16. g3 Qxd4 17. Bg6+ 1-0

[Event "XI Open Autunno"]
[Site "Robecchetto con Induno ITA"]
[Date "2014.10.23"]
[Round "3"]
[White "Sartorio, Alessandro"]
[Black "Santarelli, Sabatino"]
[WhiteElo "1318"]
[BlackElo "1638"]
[Result "1/2-1/2"]
[PlyCount "133"]
[EventDate "2014.10.09"]

1. e4 c5 2. c4 Nc6 3. Nc3 a6 4. Nf3 d6 5. Bd3 g6 6. O-O Bg7 7. Bc2 Bg4 8. h3
Bxf3 9. Qxf3 Nf6 10. b3 Nd4 11. Qd1 O-O 12. Bb2 Qd7 13. Re1 Nh5 14. Nd5 Rad8
15. Rb1 e6 16. Ne3 Qe7 17. Ng4 Nf4 18. Bxd4 Bxd4 19. Qf3 e5 20. Kh2 h5 21. Ne3
Qh4 22. Qg3 Qf6 23. Rf1 Qg7 24. Qf3 Kh7 25. g3 Ne6 26. Rg1 Ng5 27. Qg2 Qf6 28.
Bd1 Kh6 29. h4 Nh7 30. Rf1 Qe6 31. f4 f5 32. exf5 gxf5 33. Bc2 Bxe3 34. dxe3 e4
35. Bd1 Nf6 36. Qe2 Rg8 37. Rg1 Ng4+ 38. Kh3 Qf6 39. Qd2 Qg6 40. Qe2 Qg7 41.
Qd2 b5 42. Bxg4 Qxg4+ 43. Kh2 b4 44. Qd5 Rg6 45. Rbe1 Rdg8 46. Qd1 a5 47. Qxg4
hxg4 48. a3 Rb8 49. a4 Rd8 50. Rd1 Rg7 51. Rd5 Kg6 52. Rgd1 Rgd7 53. Kg2 Kf6
54. Kf2 Ke6 55. h5 Rh8 56. Rh1 Rh6 57. Rh4 Rdh7 58. Rd1 Rxh5 59. Rxh5 Rxh5 60.
Kg2 Rh7 61. Rd5 Rd7 62. Kg1 Rh7 63. Kg2 Rh3 64. Rd1 Rh6 65. Rd5 Rh5 66. Rd1 Rh3
67. Rd5 1/2-1/2

[Event "XI Open Autunno"]
[Site "Robecchetto con Induno ITA"]
[Date "2014.10.23"]
[Round "3"]
[White "Torretta, Gilberto"]
[Black "Redamante, Marzio"]
[WhiteElo "1661"]
[BlackElo "1541"]
[Result "1-0"]
[PlyCount "51"]
[EventDate "2014.10.09"]

1. e4 c5 2. Ne2 d6 3. Nbc3 Nf6 4. g3 g6 5. Bg2 Bg7 6. O-O O-O 7. d3 Nc6 8. Bg5
a6 9. Qd2 Re8 10. f4 Qc7 11. Nd1 b5 12. Ne3 e6 13. f5 Nxe4 14. dxe4 Bxb2 15.
Rab1 Be5 16. Ng4 exf5 17. exf5 Bxf5 18. Nh6+ Kg7 19. Nxf5+ gxf5 20. Rxf5 Re6
21. Rbf1 Rf8 22. Bd5 Rg6 23. Rxf7+ Rxf7 24. Rxf7+ Qxf7 25. Bxf7 Kxf7 26. Qd5+
1-0

[Event "XI Open Autunno"]
[Site "Robecchetto con Induno ITA"]
[Date "2014.10.23"]
[Round "3"]
[White "Vada, Riccardo"]
[Black "Novi', Giuseppe"]
[WhiteElo "1708"]
[BlackElo "1835"]
[Result "0-1"]
[PlyCount "74"]
[EventDate "2014.10.09"]

1. d4 Nf6 2. f4 d5 3. e3 Bg4 4. Nf3 Nbd7 5. Be2 e6 6. O-O c5 7. c3 Bd6 8. Nbd2
O-O 9. Ne5 Bxe2 10. Qxe2 Ne8 11. Nef3 f5 12. Ng5 Rf6 13. Qh5 h6 14. Rf3 Nf8 15.
Nh3 cxd4 16. exd4 Rg6 17. Rg3 Nf6 18. Qf3 Ng4 19. Nf1 Be7 20. Qe2 Bh4 21. Rf3
Nf6 22. Nd2 Ne4 23. Re3 Rg4 24. Nf3 Be7 25. Ne5 Rh4 26. Nf3 Rh5 27. Ne5 Qe8 28.
Nf2 Bd6 29. Nfd3 Nh7 30. Bd2 Nhf6 31. Be1 g5 32. g4 fxg4 33. Nxg4 gxf4 34.
Nxf6+ Nxf6 35. Rxe6 Qg6+ 36. Kf1 f3 37. Qxf3 Rf5 0-1

[Event "XI Open Autunno"]
[Site "Robecchetto con Induno ITA"]
[Date "2014.10.23"]
[Round "3"]
[White "Viale, Daniele"]
[Black "Santoruvo, Gianfranco"]
[WhiteElo "1848"]
[BlackElo "1755"]
[Result "1-0"]
[PlyCount "101"]
[EventDate "2014.10.09"]

1. e4 e5 2. Nf3 Nc6 3. d4 exd4 4. c3 d3 5. Bxd3 Bc5 6. b4 Bb6 7. O-O d6 8. Qc2
Nge7 9. Bg5 Bg4 10. Nbd2 a6 11. Rae1 h6 12. Bh4 O-O 13. h3 Be6 14. a4 Qd7 15.
Nc4 Ba7 16. Ne3 Ng6 17. Bg3 Nce5 18. Nxe5 Nxe5 19. f4 Nxd3 20. Qxd3 Qxa4 21. f5
Bd7 22. Kh1 Bxe3 23. Qxe3 f6 24. Bf4 Kh7 25. g4 Rae8 26. g5 fxg5 27. Bxg5 Rxe4
28. Qg3 hxg5 29. Rxe4 Bc6 30. Qxg5 Bxe4+ 31. Kg1 Rf6 32. Qh4+ Kg8 33. Qxe4 Qc6
34. Qe3 Qd7 35. Qe4 d5 36. Qd3 c6 37. Rf2 Qd6 38. Qe3 Qd7 39. Qd3 Kf7 40. h4
Qd6 41. Qe3 Qe7 42. Qf3 Qe1+ 43. Kh2 Qe5+ 44. Kg1 Rh6 45. h5 Rf6 46. Kf1 Qe4
47. Qg3 Qh1+ 48. Ke2 Qxh5+ 49. Kd3 Kg8 50. Qb8+ Kh7 51. Rh2 1-0

[Event "XI Open Autunno"]
[Site "Robecchetto con Induno ITA"]
[Date "2014.10.23"]
[Round "3"]
[White "Virgilio, Gianluca"]
[Black "Ongaro, Andrea"]
[WhiteElo "1813"]
[BlackElo "1723"]
[Result "1-0"]
[PlyCount "53"]
[EventDate "2014.10.09"]

1. d4 Nf6 2. Nf3 d5 3. c4 Bf5 4. Nc3 c6 5. g3 Nbd7 6. Bg2 dxc4 7. O-O e6 8. Ne5
Be7 9. Nxc4 O-O 10. Bf4 Nd5 11. Nxd5 cxd5 12. Nd6 Bg6 13. Qb3 Bxd6 14. Bxd6 Re8
15. Qxb7 Nb6 16. Bf4 Re7 17. Qa6 h6 18. Rac1 Kh7 19. Rc6 Rc8 20. Rfc1 Rxc6 21.
Rxc6 Be4 22. b3 Qe8 23. Qb5 f6 24. Bd6 Rd7 25. Bc5 Rb7 26. Bxb6 Rxb6 27. Rxb6
1-0

[Event "XI Open Autunno"]
[Site "Robecchetto con Induno ITA"]
[Date "2014.10.30"]
[Round "4"]
[White "Bianchi, Alberto"]
[Black "Viale, Daniele"]
[WhiteElo "1921"]
[BlackElo "1848"]
[Result "0-1"]
[PlyCount "92"]
[EventDate "2014.10.09"]

1. e4 d5 2. Nc3 d4 3. Nce2 e5 4. d3 f6 5. f4 Bd6 6. g3 Be6 7. Nf3 Ne7 8. Bg2
Nd7 9. fxe5 fxe5 10. Ng5 Bg8 11. O-O h6 12. Nf3 Be6 13. Nh4 Nf6 14. c3 c5 15.
Bd2 Qd7 16. cxd4 cxd4 17. Rc1 Bxa2 18. h3 Qb5 19. Be1 a5 20. g4 Bb3 21. Nxd4
exd4 22. Qe2 Bf7 23. Nf5 Nxf5 24. Rxf5 Be5 25. Bg3 Nd7 26. Qf2 O-O 27. Bxe5 Be6
28. Bxd4 Bxf5 29. gxf5 Qxd3 30. Rc3 Qd1+ 31. Kh2 Nf6 32. Bf3 Qa4 33. e5 Rad8
34. Be3 Nd5 35. Ra3 Qc4 36. Be2 Qe4 37. Bf3 Qxe5+ 38. Kg2 Nxe3+ 39. Rxe3 Qxf5
40. Qe2 b6 41. Be4 Qg5+ 42. Kh1 Rf6 43. Bc2 Rdf8 44. Qc4+ Kh8 45. Re1 Qg3 46.
h4 Qxe1+ 0-1

[Event "XI Open Autunno"]
[Site "Robecchetto con Induno ITA"]
[Date "2014.10.30"]
[Round "4"]
[White "Frignani, Alessandro"]
[Black "Rutigliano, Cesare"]
[WhiteElo "1469"]
[BlackElo "1644"]
[Result "0-1"]
[PlyCount "80"]
[EventDate "2014.10.09"]

1. e4 e6 2. d4 d5 3. e5 c5 4. c3 Nc6 5. Nf3 Bd7 6. Be3 cxd4 7. Bxd4 Nge7 8. Bd3
Ng6 9. Bxg6 hxg6 10. h3 Na5 11. b3 Bb5 12. a4 Bd7 13. Qd2 Nxb3 14. Qa2 Nxa1 15.
Qxa1 Qa5 16. Nbd2 Qxa4 17. Qb1 Qa6 18. Ng5 Be7 19. Ndf3 Rh5 20. h4 Qb5 21. Qc2
a5 22. Kd2 a4 23. g3 a3 24. Rb1 Qa6 25. Ra1 Rc8 26. Nh3 b5 27. Qb3 Rc4 28. Nhg1
Qa4 29. Kc2 b4 30. Nd2 Rc8 31. Ne2 Qa6 32. Nf4 Ba4 33. Nxh5 Bxb3+ 34. Kxb3 gxh5
35. Nb1 Qc4+ 36. Kc2 b3+ 37. Kd2 b2 38. Rxa3 Bxa3 39. Nxa3 Qa2 40. Kc2 b1=Q#
0-1

[Event "XI Open Autunno"]
[Site "Robecchetto con Induno ITA"]
[Date "2014.10.30"]
[Round "4"]
[White "Garcia Rubi, Juan"]
[Black "Vada, Riccardo"]
[WhiteElo "1394"]
[BlackElo "1708"]
[Result "0-1"]
[PlyCount "90"]
[EventDate "2014.10.09"]

1. e4 c5 2. Nc3 Nc6 3. g3 Nf6 4. Bg2 d6 5. d3 g6 6. Nf3 Bg7 7. O-O O-O 8. Be3
Ng4 9. Bd2 Bd7 10. Rb1 a6 11. Ne1 Bd4 12. Be3 Bxe3 13. fxe3 Nxe3 14. Qe2 Nxf1
15. Qxf1 e6 16. Qf4 Qe7 17. Nf3 f6 18. a3 b5 19. b4 cxb4 20. axb4 Ne5 21. Qd2
Nxf3+ 22. Bxf3 Rac8 23. Ne2 f5 24. exf5 Rxf5 25. Be4 Rf6 26. Nf4 Bc6 27. Re1
Bxe4 28. Rxe4 Qf7 29. Re1 Rf8 30. Qe2 e5 31. Nh3 Qd5 32. Qg2 Qd4+ 33. Kh1 Qxb4
34. Rg1 Qg4 35. Re1 Qf3 36. Kg1 Qxg2+ 37. Kxg2 Rc8 38. Re2 a5 39. Nf2 Rc6 40.
Ne4 Rf8 41. Nf2 Rfc8 42. c4 bxc4 43. dxc4 Rxc4 44. Kf3 Rc2 45. Re4 Rf8+ 0-1